000 00963nam a2200325Ia 4500
003 OSt
005 20220912145348.0
006 a|||||r|||| 00| 0
007 ta
008 220909b |||||||| |||| 00| 0 eng d
020 _a818128285X (hbd)
024 _a76660
037 _b1822, 16/03/2007, Unilib Book Distributors
037 _cTextbook
040 _aCSL
_beng
_cCSL
041 _aeng
082 _aE5:3,E1:f3, K9;2 TE
100 _aStahl Egon Ed.
245 0 _aThin-layer chromatography: A laboratory handbook
250 _a2
260 _aBerlin
_bSpringer-Verlag
_c1969
300 _axxiv, 1041p.
_ccm.
500 _aIndex 926-1041p.
650 _a Chromatography
650 _a Thin layer
650 _aChemistry
700 _a Ashworth M R F Tr.
942 _hE5:3,E1:f3, K9;2 TE
_cTB
_2CC
999 _c29918
_d29918